Statistics for World Capitals Closest to Doha

Click here to take the quiz!

General Stats

  • This quiz has been taken 63 times
  • The average score is 16 of 20

Answer Stats

kmcapitalmiles% Correct
492Riyadh306
97%
575Kuwait City357
95%
1131Baghdad783
93%
302Abu Dhabi188
92%
1158Tehran720
92%
722Muscat449
90%
1693Amman1052
85%
1818Beirut1130
83%
1734Damascus1078
83%
1748Jerusalem1086
83%
140Manama87
82%
1343Sana'a835
78%
1686Baku1048
73%
1930Tbilisi1199
73%
1783Yerevan1108
73%
1989Kabul1236
72%
2059Nicosia1279
67%
1764Djibouti1096
55%
1549Ashgabat963
50%
1718Asmara1068
48%

Score Distribution

Percentile by Number Answered

Percent of People with Each Score

Your Score History

You have not taken this quiz